banner-ar

دراسات فى العمارة والفنون القبطية / (Record no. 52997)

MARC details
000 -الفاتح
حقل البيانات ثابتة الطول 00859nam a2200229Ia 4500
005 - وقت وتاريخ اخر تعامل مع التسجيلة
رقم الضبط 20240530105059.0
008 - عناصر البيانات ثابتة الطول - معلومات عامة
حقل البيانات ثابتة الطول 140319s9999 xx 000 0 ara d
040 ## - مصدر الفهرسة
وكالة الفهرسة الأصلية GCL /
وكالة النسخ GCL
082 04 - رقم تصنيف ديوى العشرى
رقم التصنيف 723.1
رقم المادة ق/م د
100 1# - المدخل الرئيسى - إسم شخصى
الإسم الشخصى مصطفى عبدالله شيحة
245 10 - بيان العنوان
العنوان دراسات فى العمارة والفنون القبطية /
بيان المسئوليه,etc مصطفى عبدالله شيحة
300 ## - الوصف المادى
التعداد 364 ص ؛
أبعاد الوعاء 24 سم
490 ## - بيان السلسلة
عنوان السلسلة سلسلة الثقافة الاثرية والتاريخية : مشروع المئة كتاب
رقم المجلد/ التعيين التسلسلي 11
490 ## - بيان السلسلة
عنوان السلسلة نحو وعى حضارى معاصر
650 04 - المدخل الاضافى بالموضوع-مصطلح موضوعى
مصطلح موضوعي الاديرة القبطية
650 04 - المدخل الاضافى بالموضوع-مصطلح موضوعى
مصطلح موضوعي العصر القبطى (642-284)
650 04 - المدخل الاضافى بالموضوع-مصطلح موضوعى
مصطلح موضوعي الكنائس
التقسيم الفرعي الزمني مصر
700 1# - المدخل الاضافى - اسم شخصى
الإسم الشخصى هيئة الاثار المصرية
942 ## - عناصر المدخل الإضافي( كوها)
مصدر التصنيف او مخطط الترفيف Dewey Decimal Classification
Koha [default] item type كتاب
260 ## - PUBLICATION, DISTRIBUTION, ETC. (IMPRINT)
-- [S.N] :
-- هيئة الاثار المصرية
Holdings
حالة التراجع حالة الفقد حالة تلف ليس للاعارة المكان المؤقت الموقع الحالى تاريخ الاكتساب اجمالي اﻻعارات رقم الطلب الباركود تاريخ اخر مشاهدة تاريخ تفعيل السعر نوع وعاء كوها مصدر التصنيف او خطة الترفيف
        مكتبة القاهرة الكبرى مكتبة القاهرة الكبرى 03/26/2014   ق\932\م د 127183 03/26/2014 03/26/2014 كتاب  
        مكتبة القاهرة الكبرى مكتبة القاهرة الكبرى 09/06/2014   723.1 ق/م د 158694 09/06/2014 09/06/2014 كتاب ddc

Powered By

EGPV